000 00824nam a22002897a 4500
001 BR8002901
003 BR-BrBNA
005 20230928090616.0
007 ta
008 230509b bl.||||| |||| 00| 0 por d
040 _aBR-BrBNA
_bpor
_cBiblioteca Nacional de Agricultura
041 _a(Por)
072 _aP10; E70
_b3735
_b/G514
090 _ 3735 BR8002901
110 1 _aComissao Executiva do Sal, Rio de Janeiro, RJ (Brasil)
_92152
245 1 _aSinopse estatistica da industria salineira 1970 a 1979 [Sal; Brasil]
260 3 _aRio de Janeiro, RJ (Brasil):
_c1980.
300 _a28 p.
500 _aNumerical data
650 _aRecurso hidrico
650 _aSal
650 _aEstatistica de producao
650 _aConsumo
650 _aExportacao
909 _a202309
_bLucia
_c55
_dLucia Elande
942 _cBK
999 _c29615
_d29615